The art thief (Record no. 4558)

MARC details
000 -CABECERA
campo de control de longitud fija 03166cam a2200337 i 4500
001 - NÚMERO DE CONTROL
campo de control 99117124819804341
005 - FECHA Y HORA DE LA ÚLTIMA TRANSACCIÓN
campo de control 20250321124640.0
008 - DATOS DE LONGITUD FIJA--INFORMACIÓN GENERAL
campo de control de longitud fija 221103r20242023nyuabf 000 0deng
010 ## - NÚMERO DE CONTROL DE LA BIBLIOTECA DEL CONGRESO
Número de control de LC 2022049664
020 ## - NÚMERO INTERNACIONAL ESTÁNDAR DEL LIBRO
Número Internacional Estándar del Libro 9781471186264
Información calificativa paperback
035 ## - NÚMERO DE CONTROL DEL SISTEMA
Número de control de sistema (OCoLC)1346615839
Número de control cancelado/no válido (OCoLC)1382331897
-- (OCoLC)1388672988
-- (OCoLC)1389565419
-- (OCoLC)1390468821
-- (OCoLC)1390830560
-- (OCoLC)1394141087
-- (OCoLC)1398519102
-- (OCoLC)1423715999
-- (OCoLC)1427569394
-- (OCoLC)1428671898
-- (OCoLC)1432817835
-- (OCoLC)1441602939
-- (OCoLC)1452836713
035 ## - NÚMERO DE CONTROL DEL SISTEMA
Número de control de sistema (OCoLC)on1346615839
040 ## - FUENTE DE LA CATALOGACIÓN
Centro catalogador/agencia de origen DLC
Lengua de catalogación eng
Normas de descripción rda
Centro/agencia transcriptor DLC
Centro/agencia modificador BDX
-- OCLCF
-- GK8
-- OCO
-- JTH
-- RNL
-- FHP
-- CGP
-- YDX
-- YUS
-- ETC
-- CPG
-- QS3
-- QJK
-- OCL
-- HQD
-- OCLCO
-- AUM
-- GYG
-- STW
-- IOU
-- VLW
-- CQA
-- IG#
-- AUNTL
-- NLE
042 ## - CÓDIGO DE AUTENTICACIÓN
Código de autenticación pcc
043 ## - CÓDIGO DE ÁREA GEOGRÁFICA
Código de área geográfica e-fr---
049 ## - FONDOS LOCALES (OCLC)
Fondos de biblioteca NLES
050 ## - SIGNATURA TOPOGRÁFICA DE LA BIBLIOTECA DEL CONGRESO
Número de clasificación HV6665.F73
100 ## - ENTRADA PRINCIPAL--NOMBRE DE PERSONA
Nombre de persona Finkel, Michael,
Término indicativo de función/relación author.
9 (RLIN) 24973
245 14 - MENCIÓN DE TÍTULO
Título The art thief
Resto del título : a true story of love, crime and a dangerous obsession
Mención de responsabilidad, etc. / Michael Finkel.
264 #1 - PRODUCCIÓN, PUBLICACIÓN, DISTRIBUCIÓN, FABRICACIÓN Y COPYRIGHT
Producción, publicación, distribución, fabricación y copyright London :
Nombre del de productor, editor, distribuidor, fabricante Simon & Schuster,
Fecha de producción, publicación, distribución, fabricación o copyright 2024.
300 ## - DESCRIPCIÓN FÍSICA
Extensión 221 pages, 8 unnumbered pages of plates :
Otras características físicas illustrations (chiefly colour), maps ;
Dimensiones 22 cm
500 ## - NOTA GENERAL
Nota general First published in the USA by Alfred A. Knopf, 2023.
504 ## - NOTA DE BIBLIOGRAFÍA, ETC.
Nota de bibliografía, etc. Includes bibliographical references.
520 ## - SUMARIO, ETC.
Sumario, etc. One of the most remarkable true-crime narratives of the twenty-first century: the story of the world’s most prolific art thief, Stéphane Breitwieser.<br/><br/>In this spellbinding portrait of obsession and flawed genius, the best-selling author of The Stranger in the Woods brings us into Breitwieser’s strange world—unlike most thieves, he never stole for money, keeping all his treasures in a single room where he could admire them.<br/><br/>For centuries, works of art have been stolen in countless ways from all over the world, but no one has been quite as successful at it as the master thief Stéphane Breitwieser. Carrying out more than two hundred heists over nearly eight years—in museums and cathedrals all over Europe—Breitwieser, along with his girlfriend who worked as his lookout, stole more than three hundred objects, until it all fell apart in spectacular fashion.<br/><br/>In The Art Thief, Michael Finkel brings us into Breitwieser’s strange and fascinating world. Unlike most thieves, Breitwieser never stole for money. Instead, he displayed all his treasures in a pair of secret rooms where he could admire them to his heart’s content. Possessed of a remarkable athleticism and an innate ability to circumvent practically any security system, Breitwieser managed to pull off a breathtaking number of audacious thefts. Yet these strange talents bred a growing disregard for risk and an addict’s need to score, leading Breitwieser to ignore his girlfriend’s pleas to stop—until one final act of hubris brought everything crashing down.<br/><br/>This is a riveting story of art, crime, love, and an insatiable hunger to possess beauty at any cost.
600 #0 - PUNTO DE ACCESO ADICIONAL DE MATERIA--NOMBRE DE PERSONA
Nombre de persona Breitwieser, Stéphane,
Fechas asociadas al nombre 1971-
650 #0 - PUNTO DE ACCESO ADICIONAL DE MATERIA--TÉRMINO DE MATERIA
Término de materia o nombre geográfico como elemento de entrada Art thefts
Subdivisión general Investigation
Subdivisión geográfica France.
650 #0 - PUNTO DE ACCESO ADICIONAL DE MATERIA--TÉRMINO DE MATERIA
Término de materia o nombre geográfico como elemento de entrada Art thieves
Subdivisión de forma Biography.
655 #0 - TÉRMINO DE INDIZACIÓN--GÉNERO/FORMA
Datos o término principal de género/forma True crime stories.
9 (RLIN) 24977
655 #0 - TÉRMINO DE INDIZACIÓN--GÉNERO/FORMA
Datos o término principal de género/forma Biographies
9 (RLIN) 22503
942 ## - ELEMENTOS DE ENTRADA AGREGADA (KOHA)
Fuente del sistema de clasificación o colocación Clasificación de Library of Congress
Holdings
Estado de retiro Estado de pérdida Fuente del sistema de clasificación o colocación Estado dañado No para préstamo Biblioteca de origen Biblioteca actual Fecha de adquisición Total de préstamos Signatura topográfica completa Código de barras Fecha visto por última vez Número de copia Precio válido a partir de Tipo de ítem Koha
    Clasificación de Library of Congress     TBS Barcelona TBS Barcelona 21/03/2025   P-EN FIN B05883 21/03/2025 1 21/03/2025 Book

Powered by Koha